Biblioteka Instytutu Północnego w Olsztynie

Widok standardowy Widok MARC

Pozycja Topical Term

Liczba rekordów, w których użyto hasła: 1

001 - Numer kontrolny

  • control field: 40749

003 - Identyfikator numeru kontrolnego

  • control field: NUKAT

005 - Data i czas ostatniej modyfikacji

  • control field: 20260428092652.0

008 - Dane kontrolne kodowane (40 znaków)

  • fixed length control field: 090825n||azznnbabn |a ana |

010 ## - Numer kontrolny Biblioteki Kongresu

  • numer kontrolny LC: p 2009054467

035 ## - Numer systemowy

  • numer systemowy: a23286738

035 ## - Numer systemowy

  • numer systemowy: (PL)a0000002328673

040 ## - Instytucja sporządzająca rekord

  • inst. przygot. dane do rek. khw: WA N
  • język haseł przedmiotowych/tezaurus: DBN
  • inst. wprow. rek. khw: WA N

072 ## - Kod kategorii przedmiotu

  • kod kategorii przedmiotu: 4

150 ## - Hasło - nazwa pospolita

  • nazwa posp. lub nazwa geogr. na pocz.: Wywiad amerykański

450 ## - Trop zob. - nazwa pospolita

  • nazwa posp. lub nazwa geogr. na pocz.: Wywiad Stanów Zjednoczonych

510 2# - Trop zob. też - nazwa ciała zbiorowego

  • nazwa ciała zbior. lub geogr. na pocz.: Intelligence Community

550 ## - Trop zob. też - nazwa pospolita

  • nazwa posp. lub nazwa geogr. na pocz.: Agenci CIA

550 ## - Trop zob. też - nazwa pospolita

  • nazwa posp. lub nazwa geogr. na pocz.: Agenci FBI

550 ## - Trop zob. też - nazwa pospolita

  • nazwa posp. lub nazwa geogr. na pocz.: Kontrwywiad amerykański

550 ## - Trop zob. też - nazwa pospolita

  • nazwa posp. lub nazwa geogr. na pocz.: Sprawa Bergu (1950-1954)

550 ## - Trop zob. też - nazwa pospolita

  • nazwa posp. lub nazwa geogr. na pocz.: Wywiad

550 ## - Trop zob. też - nazwa pospolita

  • podpole kontrolne: h
  • nazwa posp. lub nazwa geogr. na pocz.: Wywiad wojskowy amerykański

682 ## - Informacja o usuniętym haśle

  • tekst wyjaśniający: zatwierdzone
Biblioteka Instytutu Północnego, ul. Partyzantów 87, 10-402 Olsztyn, email: biblioteka(at)ip.olsztyn.pl